Normal view
MARC view
- Mangutkar P A (2k51036)
Entry Personal Name
001 - CONTROL NUMBER
- control field: 101971
003 - CONTROL NUMBER IDENTIFIER
- control field: OSt
005 - DATE AND TIME OF LATEST TRANSACTION
- control field: 20221007215907.0
008 - FIXED-LENGTH DATA ELEMENTS
- fixed length control field: 221007|| aca||aabn | a|a d
040 ## - CATALOGING SOURCE
- Original cataloging agency: OSt
- Transcribing agency: OSt
100 ## - HEADING--PERSONAL NAME
- Personal name: Mangutkar P A (2k51036)
670 ## - SOURCE DATA FOUND
- Source citation: Work cat.: (OSt)69126: Mangutkar P A (2k51036), Cash Management of Goa Bottling Company Ltd., Goa, 2007